Dějiny Bulharska

Bibliographic Details
Format: Book
Language:Undetermined
PhysicalDescription:764 s. fotogr., ilustr. 21 cm
Published: Praha Svoboda 1980
Edition:Vyd. 1.
Subjects:

MARC

LEADER 00000nam a2200000 a 4500
001 vtls001293455
003 SK-MaSNL
005 20260302065920.0
008 210928s1980 xx a o in 00100 und
035 |a SNK000245223 
040 |a SNK  |b slo  |c SNK  |e AACR2 
072 7 |a 94(495/498)  |x Dejiny štátov a území na Balkánskom polostrove  |2 konspekt 
080 |a 94(497.2)  |2 2001 
080 |a (497.2)  |2 2001 
245 0 0 |a Dějiny Bulharska 
250 |a Vyd. 1. 
260 |a Praha  |b Svoboda  |c 1980 
300 |a 764 s.  |b fotogr., ilustr.  |c 21 cm 
651 7 |a Bulharsko  |x dejiny  |2 SNKPHgeo  |9 28927 
958 |a OND 
999 |c 1144495  |d 1146425 
952 |t P60, <04>, [BOOK], {604}  |a SNK  |b SNK  |y VYP  |7 0  |p 17A0077207  |o snkIC 80643 D1  |0 0  |1 1  |4 0  |d 1997-07-04  |l 0  |r 2005-01-02 00:00:00  |w 2026-02-24 
952 |t P60, <04>, [BOOK], {604}  |a SNK  |b SNK  |y VYP  |7 0  |p 17A0346529  |o snkIC 80643  |0 0  |1 0  |4 0  |d 2002-06-28  |l 0  |r 2005-01-02 00:00:00  |w 2026-02-24